Combien de 1 taperez-vous en 1 minute? - Statistiques

Statistiques générales
  • Ce quiz a été pris 3 154 fois
  • Le résultat moyen est 39 sur 66
Statistiques - réponses
Hint Réponse % Correct
niveau 1 1
100%
niveau 2 11
99%
niveau 3 111
99%
niveau 4 1111
99%
niveau 5 11111
98%
niveau 6 111111
97%
niveau 7 1111111
96%
niveau 8 11111111
96%
niveau 9 111111111
95%
niveau 10 1111111111
95%
niveau 11 11111111111
95%
niveau 12 111111111111
94%
niveau 13 1111111111111
94%
niveau 14 11111111111111
93%
niveau 15 111111111111111
93%
niveau 16 1111111111111111
92%
niveau 17 11111111111111111
91%
niveau 18 111111111111111111
90%
niveau 19 1111111111111111111
90%
niveau 20 11111111111111111111
88%
niveau 21 111111111111111111111
87%
niveau 22 1111111111111111111111
84%
niveau 23 11111111111111111111111
82%
niveau 24 111111111111111111111111
78%
niveau 25 1111111111111111111111111
73%
niveau 26 11111111111111111111111111
67%
niveau 27 111111111111111111111111111
62%
niveau 28 1111111111111111111111111111
57%
niveau 29 11111111111111111111111111111
55%
niveau 30 111111111111111111111111111111
54%
niveau 31 1111111111111111111111111111111
53%
niveau 32 11111111111111111111111111111111
52%
niveau 33 111111111111111111111111111111111
52%
niveau 34 1111111111111111111111111111111111
51%
niveau 35 11111111111111111111111111111111111
50%
niveau 36 111111111111111111111111111111111111
49%
niveau 37 1111111111111111111111111111111111111
49%
niveau 38 11111111111111111111111111111111111111
49%
niveau 39 111111111111111111111111111111111111111
48%
niveau 40 1111111111111111111111111111111111111111
48%
niveau 41 11111111111111111111111111111111111111111
47%
niveau 42 111111111111111111111111111111111111111111
46%
niveau 43 1111111111111111111111111111111111111111111
46%
niveau 44 11111111111111111111111111111111111111111111
45%
niveau 45 111111111111111111111111111111111111111111111
44%
niveau 46 1111111111111111111111111111111111111111111111
43%
niveau 47 11111111111111111111111111111111111111111111111
43%
niveau 48 111111111111111111111111111111111111111111111111
41%
niveau 49 1111111111111111111111111111111111111111111111111
40%
niveau 50 11111111111111111111111111111111111111111111111111
39%
niveau 51 111111111111111111111111111111111111111111111111111
38%
niveau 52 1111111111111111111111111111111111111111111111111111
37%
niveau 53 11111111111111111111111111111111111111111111111111111
36%
niveau 54 111111111111111111111111111111111111111111111111111111
34%
niveau 55 1111111111111111111111111111111111111111111111111111111
31%
niveau 56 11111111111111111111111111111111111111111111111111111111
29%
niveau 57 111111111111111111111111111111111111111111111111111111111
26%
niveau 58 1111111111111111111111111111111111111111111111111111111111
23%
niveau 59 11111111111111111111111111111111111111111111111111111111111
19%
niveau 60 111111111111111111111111111111111111111111111111111111111111
14%
niveau 61 1111111111111111111111111111111111111111111111111111111111111
12%
niveau 62 11111111111111111111111111111111111111111111111111111111111111
10%
niveau 63 111111111111111111111111111111111111111111111111111111111111111
9%
niveau 65 11111111111111111111111111111111111111111111111111111111111111111
9%
niveau 66 111111111111111111111111111111111111111111111111111111111111111111
9%
niveau 64 1111111111111111111111111111111111111111111111111111111111111111
8%
Aucun quiz correspondant
Distribution des résultats
% des personnes avec chaque résultat
Percentile par nombre de réponses
Votre historique - résultats
Vous n’avez pas pris ce quiz